[Event "Medjimurje Cup"]
[Site "Croatia "]
[Date "2020.03.08"]
[Round "5.4"]
[White "Kovacic, Franjo1"]
[Black "Pilic, Fran Krsto"]
[Result "1-0"]
[WhiteElo "1696"]
[BlackElo "1462"]
[PlyCount "105"]
[EventDate "2020.02.09"]
[EventType "team-swiss"]
[EventRounds "6"]
[EventCountry "CRO"]
[SourceTitle "CBM 195 Extra"]
[Source "ChessBase"]
[SourceDate "2020.05.31"]
[SourceVersion "1"]
[SourceVersionDate "2020.05.31"]
[SourceQuality "1"]

1. Nf3 Nf6 2. d4 e6 3. g3 Be7 4. Bg2 0-0 5. 0-0 h6 6. c4 d5 7. Nbd2 c5 8. dxc5 Bxc5 9. cxd5 Nxd5 10. Ne4 Nd7 11. a3 Bb6 12. b4 N7f6 13. Nfd2 Bd7 14. Bb2 Bc6 15. Nxf6+ Nxf6 16. Bxc6 bxc6 17. Qc2 c5 18. b5 Rc8 19. Rad1 Qe7 20. Nc4 Nd5 21. e4 Nc7 22. a4 Ne8 23. Ne5 Nf6 24. Nc6 Qb7 25. Bxf6 gxf6 26. Rd6 a6 27. Rfd1 axb5 28. axb5 Kg7 29. Qe2 Bc7 30. Rd7 Qb6 31. Rb1 Bxg3 32. Ne7 Rc7 33. Rxc7 Qxc7 34. hxg3 Qxe7 35. Kg2 Rc8 36. Qg4+ Kh7 37. Qf4 Rg8 38. b6 Qb7 39. f3 Qb8 40. Qxb8 Rxb8 41. Rb5 Kg6 42. Kf2 f5 43. exf5+ exf5 44. b7 h5 45. Ke3 Kg5 46. Kd3 h4 47. gxh4+ Kxh4 48. Kc4 Kg3 49. Rb3 f4 50. Kxc5 Rxb7 51. Rxb7 Kxf3 52. Kd4 Kg2 53. Rxf7 1-0

[Event "Medjimurske Team Cup"]
[Site "Nedelisce"]
[Date "2018.02.11"]
[Round "1"]
[White "Kovacic, Franjo"]
[Black "Pilic, Fran Krsto"]
[Result "1-0"]
[WhiteElo "1757"]
[BlackElo "1641"]
[PlyCount "79"]
[EventDate "2018.02.11"]
[EventType "team-swiss"]
[EventRounds "6"]
[EventCountry "CRO"]
[SourceTitle "CBM 183 Extra"]
[Source "ChessBase"]
[SourceDate "2018.04.19"]
[SourceVersion "1"]
[SourceVersionDate "2018.04.19"]
[SourceQuality "1"]

1. Nf3 e6 2. c4 g6 3. d4 b6 4. Nc3 Bb7 5. a3 Bg7 6. e4 Ne7 7. g3 0-0 8. Bg2 c6 9. 0-0 d5 10. cxd5 cxd5 11. e5 Qd7 12. Bg5 Nbc6 13. b4 a6 14. Na4 Qc7 15. Rc1 b5 16. Nc5 Rac8 17. Qd2 Rfe8 18. Bh6 Nf5 19. Bg5 Bf8 20. g4 Ng7 21. Bf6 Nxd4 22. Nxd4 Rb8 23. Ncxe6 Qd7 24. Rc7 Qxc7 25. Nxc7 Rec8 26. Nxd5 Ne6 27. Nxe6 fxe6 28. Ne7+ Bxe7 29. Bxe7 Bxg2 30. Kxg2 Rc4 31. h3 Rbc8 32. Bc5 Kg7 33. Qd7+ Kg8 34. Qxe6+ Kg7 35. Qxc8 Rxc5 36. Qxc5 Kf7 37. f4 Kg7 38. g5 h6 39. h4 Kf7 40. Qd5+ 1-0